000 00301nam a22001337a 4500
008 170601b xxu||||| |||| 00| 0 eng d
020 _a9780847682669
041 _aeng
080 _a94(7/8)
100 _a17
101 _aSHH
245 _aTHE STATE OF THE PARTIES
_cGRRENN.J.C
942 _2udc
_cBK
999 _c15394
_d15394